| 000 | 00648nam a2200217Ia 4500 | ||
|---|---|---|---|
| 005 | 20250508162717.0 | ||
| 008 | 008 250505s9999 xx 000 0 eng d | ||
| 020 | _a0-13-064013-X | ||
| 037 | _aTextual | ||
| 040 |
_aFEDL _beng _cFEDL |
||
| 041 |
_aeng _2eng |
||
| 084 |
_a155, MED _qFEDL |
||
| 100 | _aMednick Sarnoff A. Ed. | ||
| 245 | 0 | _aHandbook of longitudinal research Vol. 1, 2 | |
| 260 |
_aNew York, USA _bPraeger Publishers _c1984 |
||
| 300 | _axiv,594p. | ||
| 650 | _aDevelopmental Psychology | ||
| 700 |
_a Harway Michele Ed. Finellow Karen M. Ed. _9773879 |
||
| 942 |
_cTEXL _h155, MED |
||
| 999 |
_c1378222 _d1378222 |
||